000 01083nam a22002057a 4500
999 _c61944
_d61944
003 Ge_BSU
005 20240613123827.0
008 240613s1939 ge ||||| |||| 00| 0 geo d
041 _ageo
080 _a613/614(075.32) მ-21
100 _aმალიშევი, ვ.პ.
_922422
245 _aზოგადი ჰიგიენის სახელმძღვანელო :
_bსახელმძღვ. საშუალო სამედიცინო სკოლებისათვის /
_c შედგ.: ვ.ნ. დროშინსკის და სხვ. მონაწილეობით; რედ.: ა.ნ. სისინი.
264 _aთბ. :
_bსაქმედგამი,
_c 1939.
300 _a360 გვ. :
_bნახ. ;
_c22 სმ.
653 _aზოგადი ჰიგიენა
653 _aმედიცინა
700 _aდროშინსკი, ვ.ნ.
_eშემდგენელი
_922417
700 _aსისინი, ა.ნ.
_eრედაქტორი
_922418
942 _2udc
_cBK